000
00184nam a2200085 4500
001
1258838
005
20260331121620.0
245
_a
KÜÇÜK ŞEHZADE
_c
CAHİT ZARİFOĞLU
260
_b
BEYAN
999
_c
1258838
_d
1258838